[Event "Joao Pessoa op"]
[Site "Joao Pessoa"]
[Date "2023.03.18"]
[Round "4"]
[White "Melo, Igor De Souza"]
[Black "De Lima, Alan Silva"]
[Result "0-1"]
[WhiteElo "1763"]
[BlackElo "1915"]
[PlyCount "84"]
[EventDate "2023.03.17"]
[EventType "swiss"]
[EventRounds "6"]
[EventCountry "BRA"]
[SourceTitle "EXT 2024"]
[Source "ChessBase"]
[SourceDate "2023.10.10"]
[SourceVersion "1"]
[SourceVersionDate "2023.10.10"]
[SourceQuality "1"]

1. e4 c5 2. Nf3 d6 3. Bb5+ Nd7 4. d4 cxd4 5. Qxd4 a6 6. Bxd7+ Bxd7 7. c4 e6 8. Nc3 Qc7 9. b3 Be7 10. Bg5 Nf6 11. 0-0 Bc6 12. Qd3 h6 13. Bh4 0-0 14. Rfd1 Rfd8 15. Rac1 Rac8 16. Nd4 Be8 17. a4 Qb6 18. Qb1 Rd7 19. Bxf6 Bxf6 20. Nde2 Rdd8 21. Rd3 Rc7 22. Rcd1 Rc5 23. g3 g6 24. Kg2 Bc6 25. Rxd6 Rxd6 26. Rxd6 Qb4 27. Na2 Qa3 28. Rd2 b5 29. axb5 axb5 30. cxb5 Rxb5 31. Nac1 Qb4 32. Qa2 Ra5 33. Qc2 Bxe4+ 34. Qxe4 Qxe4+ 35. f3 Qb4 36. Rc2 Rd5 37. Rc8+ Kg7 38. Rc4 Qe1 39. b4 Rd1 40. g4 Bh4 41. Kh3 g5 42. Ng3 Bxg3 0-1

[Event "Florianopolis op 9th"]
[Site "Florianopolis"]
[Date "2023.01.27"]
[Round "7"]
[White "Melo, Igor De Souza"]
[Black "Medeiros, Francisco de Assis"]
[Result "1/2-1/2"]
[WhiteElo "1749"]
[BlackElo "2071"]
[PlyCount "74"]
[EventDate "2023.01.23"]
[EventType "swiss"]
[EventRounds "10"]
[EventCountry "BRA"]
[SourceTitle "CBM 212 Extra"]
[Source "ChessBase"]
[SourceDate "2023.03.31"]
[SourceVersion "1"]
[SourceVersionDate "2023.03.31"]
[SourceQuality "1"]

1. e4 c6 2. d4 d5 3. e5 Bf5 4. h4 h5 5. Bd3 Bxd3 6. Qxd3 e6 7. Bg5 Qa5+ 8. Nd2 Qa6 9. c4 Bb4 10. b3 Ne7 11. Ne2 Nf5 12. Ng3 Nxg3 13. fxg3 c5 14. 0-0 Bxd2 15. Bxd2 dxc4 16. Qf3 Rf8 17. Qxh5 Nc6 18. Bg5 cxb3 19. axb3 Qd3 20. dxc5 Nxe5 21. Rfd1 g6 22. Rxa7 Rc8 23. Rxd3 gxh5 24. Rd1 f6 25. Bf4 Nc6 26. Rxb7 e5 27. Be3 Rf7 28. Rxf7 Kxf7 29. Rd7+ Ke6 30. Rh7 Rb8 31. Rxh5 Rxb3 32. Bf2 Rb1+ 33. Kh2 Rf1 34. Be3 Re1 35. Bf2 Rf1 36. Bg1 e4 37. g4 Ne5 1/2-1/2

[Event "Florianopolis op 9th"]
[Site "Florianopolis"]
[Date "2023.01.24"]
[Round "3"]
[White "Melo, Igor De Souza"]
[Black "Mariano, Marceley Martins"]
[Result "0-1"]
[WhiteElo "1749"]
[BlackElo "2089"]
[PlyCount "124"]
[EventDate "2023.01.23"]
[EventType "swiss"]
[EventRounds "10"]
[EventCountry "BRA"]
[SourceTitle "CBM 212 Extra"]
[Source "ChessBase"]
[SourceDate "2023.03.31"]
[SourceVersion "1"]
[SourceVersionDate "2023.03.31"]
[SourceQuality "1"]

1. e4 c5 2. Nf3 d6 3. Bb5+ Nc6 4. d4 cxd4 5. Qxd4 Bd7 6. Bxc6 Bxc6 7. Nc3 Nf6 8. Bg5 e6 9. 0-0-0 Be7 10. Rhe1 Qc7 11. Bxf6 gxf6 12. Nd5 exd5 13. exd5 Bb5 14. Qxf6 Rf8 15. Rxe7+ Qxe7 16. Re1 Be2 17. Qf4 0-0-0 18. Qd2 Rde8 19. Nd4 Qh4 20. Rxe2 Rxe2 21. Nxe2 Qxf2 22. Qc3+ Kb8 23. Qg3 Qxg3 24. Nxg3 Kc7 25. Kd2 Rg8 26. Ke3 Kb6 27. c4 h5 28. Kf3 Rg5 29. Ne4 Rf5+ 30. Ke3 Kc7 31. Kd4 Rf4 32. g3 Rf1 33. a3 b6 34. h4 Rg1 35. Nf6 Rxg3 36. Nxh5 Rg4+ 37. Kd3 Rxh4 38. Nf6 Rh2 39. Kc3 Rf2 40. Ne4 Rf3+ 41. Kc2 f5 42. Ng5 Rf2+ 43. Kc3 f4 44. b4 Kd7 45. Kd4 Ra2 46. Ke4 Rxa3 47. Kxf4 Rc3 48. c5 bxc5 49. bxc5 Rxc5 50. Ke4 a5 51. Kd4 a4 52. Ne4 a3 53. Nc3 Kc7 54. Kd3 Rxc3+ 55. Kxc3 Kb6 56. Kb3 Kc5 57. Kxa3 Kxd5 58. Kb3 Kd4 59. Kc2 Ke3 60. Kc3 d5 61. Kc2 d4 62. Kc1 Ke2 0-1

[Event "BRA-ch 88th"]
[Site "Recife"]
[Date "2022.12.19"]
[Round "7"]
[White "Melo, Igor De Souza"]
[Black "De Lima, Eli Artur Karl"]
[Result "0-1"]
[WhiteElo "1756"]
[BlackElo "1998"]
[PlyCount "127"]
[EventDate "2022.12.15"]
[EventType "swiss"]
[EventRounds "11"]
[EventCountry "BRA"]
[SourceTitle "CBM 212 Extra"]
[Source "ChessBase"]
[SourceDate "2023.03.31"]
[SourceVersion "1"]
[SourceVersionDate "2023.03.31"]
[SourceQuality "1"]

1. e4 c5 2. Nf3 Nc6 3. d4 cxd4 4. Nxd4 Nf6 5. Nc3 e5 6. Ndb5 d6 7. Bg5 a6 8. Na3 b5 9. Bxf6 gxf6 10. Nd5 f5 11. c3 Be7 12. exf5 Bxf5 13. Qf3 Bg6 14. Bd3 0-0 15. Bc2 f5 16. Bb3 Kg7 17. Nc2 e4 18. Qe2 Bg5 19. g3 Ne5 20. Nd4 Re8 21. 0-0 Rc8 22. h4 Bh6 23. f4 exf3 24. Nxf3 Ng4 25. Qd3 Re4 26. Rae1 Qe8 27. Rxe4 Qxe4 28. Qxe4 fxe4 29. Ng5 Bxg5 30. hxg5 Ne5 31. Rf4 Nf3+ 32. Kg2 Nxg5 33. Ne7 Re8 34. Nxg6 hxg6 35. Kf1 Re5 36. Ke2 Rf5 37. Bc2 Kf6 38. Ke3 d5 39. a4 Ne6 40. Rxf5+ Kxf5 41. axb5 axb5 42. Bd1 g5 43. Be2 b4 44. Bd1 bxc3 45. g4+ Ke5 46. bxc3 Nd8 47. Ba4 Nb7 48. Bc6 Na5 49. Bd7 Nc4+ 50. Kf2 Kf4 51. Be6 Ne3 52. Ke2 Ke5 53. Bc8 d4 54. cxd4+ Kxd4 55. Bd7 Nd5 56. Bc8 Nf4+ 57. Ke1 Ke3 58. Ba6 Kf3 59. Bc8 Nh3 60. Bb7 Nf2 61. Kf1 Nxg4 62. Ba8 Ne3+ 63. Kg1 g4 64. Kh2 0-1

[Event "Niteroi op 2nd"]
[Site "Niteroi"]
[Date "2022.09.01"]
[Round "1"]
[White "Limp, Eduardo Thelio"]
[Black "Melo, Igor De Souza"]
[Result "1-0"]
[WhiteElo "2298"]
[BlackElo "1741"]
[PlyCount "81"]
[EventDate "2022.09.01"]
[EventType "swiss"]
[EventRounds "9"]
[EventCountry "BRA"]
[SourceTitle "CBM 210 Extra"]
[Source "ChessBase"]
[SourceDate "2022.11.30"]
[SourceVersion "1"]
[SourceVersionDate "2022.11.30"]
[SourceQuality "1"]

1. e4 c5 2. Nf3 g6 3. d4 cxd4 4. Nxd4 Nc6 5. c4 Bg7 6. Be3 Nf6 7. Nc3 0-0 8. Be2 d6 9. 0-0 Nxd4 10. Bxd4 Bd7 11. f3 Bc6 12. b4 b6 13. Qd2 Nd7 14. Bxg7 Kxg7 15. Nd5 Rc8 16. Rac1 Bb7 17. Rfd1 Re8 18. f4 f6 19. Bg4 Bc6 20. Be6 Ra8 21. a3 Nf8 22. Bg4 Bd7 23. Bf3 Rc8 24. e5 dxe5 25. fxe5 f5 26. Qb2 Ne6 27. Nf4 Qc7 28. Rxd7 Qxd7 29. Bd5 Rc6 30. b5 Rcc8 31. Bxe6 Qb7 32. Bxc8 Rxc8 33. e6+ Kg8 34. Nd5 Rc5 35. Rd1 Rxc4 36. Nf6+ exf6 37. Rd8+ Kg7 38. Rd7+ Qxd7 39. exd7 Kh6 40. d8Q Ra4 41. Qdxf6 1-0

[Event "Norte e Nordeste-ch U2000"]
[Site "Fortaleza"]
[Date "2022.04.16"]
[Round "4"]
[White "Pessoa, Marcio de Souza"]
[Black "Melo, Igor De Souza"]
[Result "1-0"]
[WhiteElo "1835"]
[BlackElo "1759"]
[PlyCount "67"]
[EventDate "2022.04.15"]
[EventType "swiss"]
[EventRounds "6"]
[EventCountry "BRA"]
[SourceTitle "EXT 2023"]
[Source "ChessBase"]
[SourceDate "2022.10.05"]
[SourceVersion "1"]
[SourceVersionDate "2022.10.05"]
[SourceQuality "1"]

1. e4 c5 2. Nf3 g6 3. c3 d5 4. exd5 Qxd5 5. h3 Nc6 6. Na3 Bg7 7. Bc4 Qd8 8. 0-0 e6 9. d3 Nge7 10. Bg5 0-0 11. Qd2 a6 12. Bb3 b5 13. Rad1 Qb6 14. d4 cxd4 15. cxd4 Rd8 16. Nc2 Rd7 17. Qc1 Bb7 18. Rfe1 Rc8 19. Rxe6 Nd5 20. Ree1 Ncb4 21. Qd2 Nxc2 22. Bxc2 a5 23. a3 b4 24. Ba4 Rdc7 25. Bh6 Bc6 26. Bxc6 Rxc6 27. Qg5 Nf6 28. Bxg7 Kxg7 29. Nh4 h6 30. Nf5+ Kg8 31. Nxh6+ Kh7 32. Nxf7 R8c7 33. Ne5 Nd5 34. Nxc6 1-0

[Event "Norte e Nordeste-ch U2000"]
[Site "Fortaleza"]
[Date "2022.04.15"]
[Round "2"]
[White "Viana, Natanael Bezerra"]
[Black "Melo, Igor De Souza"]
[Result "0-1"]
[WhiteElo "1970"]
[BlackElo "1759"]
[PlyCount "123"]
[EventDate "2022.04.15"]
[EventType "swiss"]
[EventRounds "6"]
[EventCountry "BRA"]
[SourceTitle "EXT 2023"]
[Source "ChessBase"]
[SourceDate "2022.10.05"]
[SourceVersion "1"]
[SourceVersionDate "2022.10.05"]
[SourceQuality "1"]

1. d4 d5 2. Bf4 Nf6 3. Nf3 c5 4. c3 e6 5. Nbd2 Nc6 6. e3 Bd6 7. Bg3 0-0 8. Bd3 b6 9. Ne5 Bb7 10. 0-0 Ne7 11. h3 Nf5 12. Bxf5 exf5 13. Bf4 Be7 14. Bg3 Rc8 15. a4 c4 16. Bh4 Ne4 17. Bg3 Nxg3 18. fxg3 f6 19. Nef3 Bd6 20. Qe1 Qc7 21. Kh2 Rce8 22. Nh4 g6 23. Rf3 Re7 24. Qf2 Rfe8 25. Nf1 Re4 26. Kh1 Bc8 27. Nh2 Bf8 28. Nf1 a6 29. Nd2 R4e7 30. b3 cxb3 31. Nxb3 Qxc3 32. e4 Qb4 33. e5 fxe5 34. dxe5 Rxe5 35. Rd3 Re1+ 36. Rxe1 Qxe1+ 37. Qxe1 Rxe1+ 38. Kh2 Be6 39. Nf3 Re4 40. Nbd4 Bf7 41. Ng5 Re1 42. Ndf3 Ra1 43. Nxf7 Kxf7 44. Rxd5 Ke6 45. Rd4 h6 46. h4 Ra3 47. Kh3 Bc5 48. Rc4 Kd5 49. Rf4 Be3 50. Rb4 a5 51. Rb5+ Kd6 52. Ne5 Rxa4 53. Nxg6 Bc5 54. Rb1 Rb4 55. Rd1+ Kc6 56. Ne5+ Kb5 57. Nd3 Rb3 58. Ne5 a4 59. Nf3 a3 60. Rd5 Kb4 61. Rxf5 a2 62. Rf4+ 0-1

[Event "Florianopolis op 8th"]
[Site "Florianopolis"]
[Date "2022.01.25"]
[Round "2"]
[White "Melo, Igor De Souza"]
[Black "Cuco, Gustavo Henrique"]
[Result "1-0"]
[WhiteElo "1732"]
[BlackElo "1251"]
[PlyCount "57"]
[EventDate "2022.01.24"]
[EventType "swiss"]
[EventRounds "10"]
[EventCountry "BRA"]
[SourceTitle "EXT 2023"]
[Source "ChessBase"]
[SourceDate "2022.10.05"]
[SourceVersion "1"]
[SourceVersionDate "2022.10.05"]
[SourceQuality "1"]

1. e4 e6 2. d4 d5 3. Nd2 Nf6 4. e5 Nfd7 5. Bd3 c5 6. c3 Nc6 7. Ne2 cxd4 8. cxd4 f6 9. exf6 Nxf6 10. Nf3 Bd6 11. 0-0 Qc7 12. Bg5 0-0 13. Bh4 Nh5 14. Bg3 Nxg3 15. hxg3 Bd7 16. Rc1 a6 17. Bb1 Be8 18. Ng5 Rf6 19. Nxh7 Rh6 20. Ng5 Bh5 21. Qd2 Bxe2 22. Qxe2 Nxd4 23. Qg4 Qb6 24. Rfd1 Nf5 25. Bxf5 exf5 26. Qxf5 Rf6 27. Qh7+ Kf8 28. Qh8+ Ke7 29. Qxa8 1-0

[Event "Pan American-ch U2300"]
[Site "Timbo"]
[Date "2021.12.04"]
[Round "8"]
[White "Volkmann, Andre Jordi"]
[Black "Melo, Igor De Souza"]
[Result "1-0"]
[WhiteElo "2060"]
[BlackElo "1718"]
[PlyCount "67"]
[EventDate "2021.12.01"]
[EventType "swiss"]
[EventRounds "9"]
[EventCountry "BRA"]
[SourceTitle "CBM 205 Extra"]
[Source "ChessBase"]
[SourceDate "2022.01.31"]
[SourceVersion "1"]
[SourceVersionDate "2022.01.31"]
[SourceQuality "1"]

1. d4 d5 2. c4 e6 3. Nc3 c6 4. e3 Nf6 5. Nf3 Bd6 6. Bd3 Nbd7 7. 0-0 0-0 8. e4 dxe4 9. Nxe4 Nxe4 10. Bxe4 Nf6 11. Bc2 h6 12. b3 c5 13. Bb2 cxd4 14. Bxd4 Be7 15. Qe2 b6 16. Bxf6 gxf6 17. Qe4 f5 18. Qxa8 Qc7 19. Be4 fxe4 20. Qxe4 Bb7 21. Qe3 Kh7 22. Rfd1 Bc6 23. Ne5 Bf6 24. f4 Be7 25. Qd3+ Kh8 26. Qh3 Bc5+ 27. Kh1 Kg7 28. Rd3 Be4 29. Rg3+ Kh7 30. Qh4 Bf2 31. Ng4 f6 32. Qxh6+ Kg8 33. Nxf6+ Kf7 34. Rg7# 1-0

[Event "Pan American-ch U2300"]
[Site "Timbo"]
[Date "2021.12.02"]
[Round "4"]
[White "Ribeiro, Erica de Jesus"]
[Black "Melo, Igor De Souza"]
[Result "0-1"]
[WhiteElo "1450"]
[BlackElo "1718"]
[PlyCount "52"]
[EventDate "2021.12.01"]
[EventType "swiss"]
[EventRounds "9"]
[EventCountry "BRA"]
[SourceTitle "CBM 205 Extra"]
[Source "ChessBase"]
[SourceDate "2022.01.31"]
[SourceVersion "1"]
[SourceVersionDate "2022.01.31"]
[SourceQuality "1"]

1. d4 d5 2. c4 e6 3. Nf3 c6 4. e3 Nf6 5. Be2 Bd6 6. 0-0 Nbd7 7. Nc3 0-0 8. Qc2 Re8 9. Bd2 Qe7 10. Bd3 dxc4 11. Bxc4 c5 12. Ne2 b6 13. Nc3 Bb7 14. Be2 h6 15. e4 cxd4 16. Nxd4 Be5 17. Be3 Rec8 18. f3 Qd6 19. Rfd1 Bxh2+ 20. Kh1 Qg3 21. Qd2 Qh4 22. Bb5 Nh5 23. Nde2 Ne5 24. Rac1 a6 25. Bd3 Rd8 26. Qc2 Bf4+ 0-1

[Event "Pan American-ch U2300"]
[Site "Timbo"]
[Date "2021.12.01"]
[Round "2"]
[White "Rodrigues Mota, Romulo Cardoso S"]
[Black "Melo, Igor De Souza"]
[Result "1-0"]
[WhiteElo "2027"]
[BlackElo "1718"]
[PlyCount "81"]
[EventDate "2021.12.01"]
[EventType "swiss"]
[EventRounds "9"]
[EventCountry "BRA"]
[SourceTitle "CBM 205 Extra"]
[Source "ChessBase"]
[SourceDate "2022.01.31"]
[SourceVersion "1"]
[SourceVersionDate "2022.01.31"]
[SourceQuality "1"]

1. e4 c5 2. Nf3 g6 3. d4 cxd4 4. Qxd4 Nf6 5. e5 Nc6 6. Qa4 Nd5 7. Qe4 Ndb4 8. Bb5 a6 9. Ba4 b5 10. Bb3 d5 11. Qe2 Na5 12. Nd4 Nxb3 13. axb3 Bd7 14. e6 fxe6 15. Bd2 Bg7 16. Bc3 0-0 17. Nxe6 Bxc3+ 18. bxc3 Nxc2+ 19. Kd1 Qc8 20. Nxf8 Nxa1 21. Nxd7 Qxd7 22. Qa2 d4 23. c4 d3 24. Qxa1 Qg4+ 25. Kc1 bxc4 26. Qe5 Qxg2 27. Re1 cxb3 28. Qe6+ Kh8 29. Nd2 Qxf2 30. Qe5+ Qf6 31. Nxb3 Rc8+ 32. Kd2 Qxe5 33. Rxe5 Rc2+ 34. Kxd3 Rxh2 35. Rxe7 Rh3+ 36. Kc4 Kg8 37. Nd4 Rh1 38. Ne6 a5 39. Rg7+ Kh8 40. Rf7 Kg8 41. Rf8# 1-0

[Event "BRA-ch 87th"]
[Site "Cuiaba"]
[Date "2021.11.03"]
[Round "10"]
[White "Kruger, Israel"]
[Black "Melo, Igor De Souza"]
[Result "1-0"]
[WhiteElo "1882"]
[BlackElo "1710"]
[PlyCount "155"]
[EventDate "2021.10.28"]
[EventType "swiss"]
[EventRounds "11"]
[EventCountry "BRA"]
[SourceTitle "CBM 205 Extra"]
[Source "ChessBase"]
[SourceDate "2022.01.31"]
[SourceVersion "1"]
[SourceVersionDate "2022.01.31"]
[SourceQuality "1"]

1. e4 c5 2. Nf3 g6 3. Nc3 Bg7 4. Bc4 Nc6 5. d3 e6 6. Bf4 d6 7. Qd2 a6 8. a4 Rb8 9. h4 h5 10. Nd1 b5 11. axb5 axb5 12. Bb3 Bb7 13. c3 Nge7 14. 0-0 0-0 15. Bh6 d5 16. Bxg7 Kxg7 17. exd5 exd5 18. d4 cxd4 19. Nxd4 Nxd4 20. Qxd4+ Kg8 21. Ne3 Nc6 22. Qf4 Na5 23. Bxd5 Bxd5 24. Rad1 Nc4 25. Nxd5 Kg7 26. b3 Na5 27. b4 Nc4 28. Rfe1 Rb7 29. Ne3 Qf6 30. Qxf6+ Kxf6 31. Nxc4 bxc4 32. Rd6+ Kg7 33. Rc6 Rd8 34. Rxc4 Rd2 35. Re3 Rc2 36. Rf3 Rc1+ 37. Kh2 Re1 38. Rc5 Re4 39. g3 Re1 40. Kg2 Rb1 41. Rd5 Rb3 42. Rfd3 Kf6 43. Rd6+ Ke7 44. Kf3 Rxc3 45. Rxc3 Kxd6 46. Rb3 Kd5 47. Kf4 f6 48. f3 Rb5 49. g4 hxg4 50. fxg4 g5+ 51. hxg5 fxg5+ 52. Kg3 Kc4 53. Rb1 Kd3 54. Rb2 Ke3 55. Rb3+ Kd4 56. Kf3 Kc4 57. Rb1 Kd3 58. Rc1 Rxb4 59. Rc5 Rf4+ 60. Kg3 Ke4 61. Rxg5 Rf3+ 62. Kh4 Rf8 63. Ra5 Rh8+ 64. Kg3 Rg8 65. g5 Rh8 66. Kg4 Rh1 67. g6 Rg1+ 68. Kh5 Rh1+ 69. Kg5 Rg1+ 70. Kf6 Rf1+ 71. Kg7 Rg1 72. Kh7 Rh1+ 73. Kg8 Rg1 74. g7 Kd4 75. Kh7 Rh1+ 76. Kg6 Rg1+ 77. Rg5 Ra1 78. g8Q 1-0

[Event "BRA-ch 87th"]
[Site "Cuiaba"]
[Date "2021.11.02"]
[Round "9"]
[White "Melo, Igor De Souza"]
[Black "Oliveira, Leonardo Tadeu De A"]
[Result "1-0"]
[WhiteElo "1710"]
[BlackElo "2121"]
[PlyCount "102"]
[EventDate "2021.10.28"]
[EventType "swiss"]
[EventRounds "11"]
[EventCountry "BRA"]
[SourceTitle "CBM 205 Extra"]
[Source "ChessBase"]
[SourceDate "2022.01.31"]
[SourceVersion "1"]
[SourceVersionDate "2022.01.31"]
[SourceQuality "1"]

1. e4 c5 2. Nf3 g6 3. d4 cxd4 4. Nxd4 Bg7 5. Nc3 Nc6 6. Be3 Nf6 7. Bc4 Qa5 8. 0-0 0-0 9. Bb3 d6 10. h3 Qc7 11. Nd5 Nxd5 12. exd5 Na5 13. Nb5 Qb8 14. Qd2 Nxb3 15. axb3 a6 16. Nc3 Bf5 17. g4 Bd7 18. Bh6 Qc7 19. Bxg7 Kxg7 20. Qd4+ Kg8 21. Rad1 b5 22. Rfe1 Rfe8 23. Re2 a5 24. Rde1 b4 25. Ne4 Bb5 26. Rd2 Qa7 27. Qxa7 Rxa7 28. c4 bxc3 29. bxc3 Bd7 30. Ra2 Rb8 31. Nd2 Kf8 32. Rea1 e6 33. Rxa5 Rc7 34. Ra7 Rbc8 35. Nc4 Be8 36. Nxd6 Rxa7 37. Rxa7 Rxc3 38. dxe6 fxe6 39. Ra8 Ke7 40. Nxe8 Rxh3 41. Rb8 h5 42. gxh5 gxh5 43. Nc7 Kd7 44. Na6 Rc3 45. b4 Ra3 46. b5 h4 47. Rb6 e5 48. Nc5+ Kc8 49. Rc6+ Kb8 50. b6 Ra1+ 51. Kg2 Ra5 1-0

[Event "Florianopolis op 6th"]
[Site "Florianopolis"]
[Date "2020.01.23"]
[Round "5"]
[White "Melo, Igor De Souza"]
[Black "Do Carmo, Luciano Dias"]
[Result "1/2-1/2"]
[WhiteElo "1755"]
[BlackElo "1559"]
[PlyCount "133"]
[EventDate "2020.01.20"]
[EventType "swiss"]
[EventRounds "10"]
[EventCountry "BRA"]
[SourceTitle "CBM 194 Extra"]
[Source "ChessBase"]
[SourceDate "2020.03.31"]
[SourceVersion "1"]
[SourceVersionDate "2020.03.31"]
[SourceQuality "1"]

1. e4 c6 2. d4 d5 3. e5 Bf5 4. h4 h6 5. g4 Be4 6. f3 Bh7 7. Bd3 Bxd3 8. Qxd3 e6 9. Be3 Nd7 10. Nc3 c5 11. f4 c4 12. Qd2 Be7 13. Nf3 a6 14. f5 Bb4 15. Qg2 Qa5 16. Bd2 Ne7 17. fxe6 fxe6 18. 0-0 0-0-0 19. a3 Bxc3 20. Bxc3 Qb6 21. b3 cxb3 22. cxb3 Ng6 23. Qd2 Rdf8 24. Ba5 Qa7 25. Qc2+ Kb8 26. Kh1 Rxf3 27. Rxf3 Qxd4 28. Rg1 Ndxe5 29. Bc3 Qe4 30. Qxe4 dxe4 31. Bxe5+ Nxe5 32. Re3 Nf3 33. Rf1 e5 34. Rf2 Rd8 35. Rxe4 Rd1+ 36. Kg2 Nxh4+ 37. Kg3 g5 38. Rb2 Rd3+ 39. Kf2 Rh3 40. Ke1 Rh1+ 41. Kd2 Nf3+ 42. Kc3 b5 43. Kb4 Kb7 44. Ka5 Nd4 45. Rxd4 exd4 46. Rd2 Rh3 47. Kb4 Kb6 48. a4 a5+ 49. Ka3 b4+ 50. Kb2 Kc5 51. Rf2 d3 52. Rf5+ Kd4 53. Rxa5 Rh2+ 54. Kc1 Kc3 55. Rc5+ Kxb3 56. Rd5 d2+ 57. Kd1 Kxa4 58. Rd4 Kb3 59. Rd8 Kc3 60. Rc8+ Kd3 61. Rd8+ Ke3 62. Re8+ Kf3 63. Rd8 b3 64. Rd3+ Kxg4 65. Rg3+ Kh4 66. Rg4+ Kh3 67. Rg3+ 1/2-1/2

[Event "American Continental 15th"]
[Site "Sao Paulo"]
[Date "2019.07.11"]
[Round "9"]
[White "Melo, Igor De Souza"]
[Black "Kikuchi Cadilhac, Mariana Sawae"]
[Result "0-1"]
[WhiteElo "1825"]
[BlackElo "1639"]
[PlyCount "90"]
[EventDate "2019.07.05"]
[EventType "swiss"]
[EventRounds "11"]
[EventCountry "BRA"]
[SourceTitle "CBM 191 Extra"]
[Source "ChessBase"]
[SourceDate "2019.09.30"]
[SourceVersion "1"]
[SourceVersionDate "2019.09.30"]
[SourceQuality "1"]

1. e4 e5 2. Nf3 Nc6 3. d4 exd4 4. Bc4 Nf6 5. e5 d5 6. Bb5 Ne4 7. Nxd4 Bd7 8. Bxc6 bxc6 9. 0-0 Bc5 10. f3 Ng5 11. Be3 Qe7 12. f4 Ne4 13. Nd2 Nxd2 14. Qxd2 0-0 15. Bf2 Bb6 16. Rae1 c5 17. Ne2 Bc6 18. Bg3 f6 19. Bh4 Qf7 20. exf6 gxf6 21. f5 Qh5 22. Bg3 Rfe8 23. b3 Re4 24. Nf4 Qxf5 25. Nd3 Qg6 26. Nf2 Rxe1 27. Rxe1 Re8 28. Rxe8+ Qxe8 29. Ng4 Qe6 30. h3 h5 31. Nh6+ Kg7 32. Bf4 c4+ 33. Kh2 cxb3 34. axb3 Qe4 35. c3 Kg6 36. b4 h4 37. Ng4 Bd7 38. Nf2 Qf5 39. Be3 Bxe3 40. Qxe3 Qe5+ 41. Qxe5 fxe5 42. Nd3 Kf5 43. g4+ hxg3+ 44. Kxg3 Bb5 45. h4 Bxd3 0-1

[Event "American Continental 15th"]
[Site "Sao Paulo"]
[Date "2019.07.10"]
[Round "8"]
[White "Cordero, Daniela"]
[Black "Melo, Igor De Souza"]
[Result "1-0"]
[WhiteElo "2076"]
[BlackElo "1825"]
[PlyCount "69"]
[EventDate "2019.07.05"]
[EventType "swiss"]
[EventRounds "11"]
[EventCountry "BRA"]
[SourceTitle "CBM 191 Extra"]
[Source "ChessBase"]
[SourceDate "2019.09.30"]
[SourceVersion "1"]
[SourceVersionDate "2019.09.30"]
[SourceQuality "1"]

1. d4 d5 2. Nf3 c6 3. c4 e6 4. Qc2 dxc4 5. Qxc4 Nf6 6. g3 b5 7. Qc2 Bb7 8. Nbd2 Nbd7 9. Nb3 Bb4+ 10. Bd2 Bxd2+ 11. Nbxd2 Qa5 12. Bg2 c5 13. dxc5 Be4 14. Qb3 Nxc5 15. Qe3 Rc8 16. 0-0 Bb7 17. Rfc1 Qb6 18. b4 Ncd7 19. Rxc8+ Bxc8 20. Qxb6 Nxb6 21. Nd4 a6 22. N2b3 0-0 23. Nc6 Kh8 24. Nc5 Nfd7 25. Ne4 Nc4 26. Rc1 Ndb6 27. Nc5 h6 28. Na7 a5 29. bxa5 Nxa5 30. Nxb5 Nbc4 31. Na7 g6 32. Nxc8 Rxc8 33. Nb3 Nd6 34. Rxc8+ Nxc8 35. Nxa5 1-0

[Event "American Continental 15th"]
[Site "Sao Paulo"]
[Date "2019.07.08"]
[Round "5"]
[White "Melo, Igor De Souza"]
[Black "Machado, Wesley Henrique"]
[Result "0-1"]
[WhiteElo "1825"]
[BlackElo "1386"]
[PlyCount "146"]
[EventDate "2019.07.05"]
[EventType "swiss"]
[EventRounds "11"]
[EventCountry "BRA"]
[SourceTitle "CBM 191 Extra"]
[Source "ChessBase"]
[SourceDate "2019.09.30"]
[SourceVersion "1"]
[SourceVersionDate "2019.09.30"]
[SourceQuality "1"]

1. e4 e5 2. Nf3 Nc6 3. d4 exd4 4. Bc4 Bb4+ 5. c3 dxc3 6. bxc3 Bc5 7. Bxf7+ Kxf7 8. Qd5+ Ke8 9. Qh5+ Kf8 10. Qxc5+ d6 11. Qe3 Qe7 12. 0-0 Nf6 13. Re1 Bg4 14. e5 Bxf3 15. exf6 Qxe3 16. fxg7+ Kxg7 17. Rxe3 Bh5 18. Rg3+ Bg6 19. c4 Rae8 20. Bb2+ Kf8 21. Na3 Rg8 22. Nb5 Re7 23. Ba3 Ke8 24. c5 d5 25. Nc3 Rd7 26. Rd1 d4 27. Ne2 Ke7 28. Rd2 Rgd8 29. Nf4 Kf7 30. Nxg6 hxg6 31. f4 Na5 32. Bb4 Nc4 33. Rdd3 Nb2 34. Rd2 Nc4 35. Rd1 d3 36. Bd2 Nb2 37. Rb1 Nc4 38. Rd1 Nb2 39. Rc1 Re7 40. Rf3 Re2 41. Rf2 Rde8 42. c6 b6 43. Bc3 Rxf2 44. Kxf2 Re2+ 45. Kg3 d2 46. Bxd2 Rxd2 47. h4 Nd3 48. Rc3 Nc5 49. Rc4 Rxa2 50. Kf3 a5 51. g4 a4 52. h5 Ra3+ 53. Kg2 gxh5 54. gxh5 Rd3 55. Rc1 Kg7 56. Re1 Kf7 57. f5 Rd5 58. Rf1 Kf6 59. h6 Rd8 60. Rh1 Kxf5 61. Kf3 Rh8 62. h7 Kg6 63. Kf4 Rxh7 64. Rg1+ Kf7 65. Ke5 a3 66. Ra1 Rh3 67. Kd4 Ke6 68. Re1+ Kd6 69. Kc4 a2 70. Kb5 Rb3+ 71. Kc4 Rb1 72. Re2 b5+ 73. Kd4 a1Q+ 0-1